|
|
|
|
| LEADER |
04396nem a22005052a 4500 |
| 001 |
mzk03001062884 |
| 003 |
CZ BrMZK |
| 005 |
20130426100624.0 |
| 007 |
aj|aa||| |
| 008 |
080523s1680 gw ij|||||a|||r|0|||latod |
| 034 |
1 |
|
|a a
|b 930000
|d E0040244
|e E0095325
|f N0530812
|g N0463520
|
| 040 |
|
|
|a BOA001
|b cze
|
| 041 |
0 |
|
|a lat
|a ger
|
| 043 |
|
|
|a er-----
|a ew-----
|
| 072 |
|
7 |
|a 912:904
|x Staré mapy
|2 Konspekt
|9 7
|
| 080 |
|
|
|a (084.3)
|2 MRF
|
| 080 |
|
|
|a (282.243.1)
|2 MRF
|
| 080 |
|
|
|a (4-15)
|2 MRF
|
| 080 |
|
|
|a 912.43:069.5
|2 MRF
|
| 100 |
1 |
|
|a Hipschmann, Sigmund Gabriel,
|d 1639-
|7 ola2010578987
|4 aut
|
| 245 |
1 |
0 |
|a Totius Fluminis Rheni Accvratissima Delineatio Das ist
|h [kartografický dokument] :
|b Gründrichtiger Entwürff aller derer Ort so an dem gantzen Rhein strom gelegen samt einer kurtzen Beschreibungaller Vornemsten Stätte Schlösser und Vestungen
|c Hipschman sculpsit
|
| 255 |
|
|
|a Měřítko [ca 1:930 000]. 6,3 cm = 10 Milliaria Germanica con Gemeene Duytsche Mylen. 5,9 cm = Milliaria Gallica communia
|c (004°02´44" v.d.--009°53´25" v.d./053°08´12" s.š.--046°35´20" s.š.)
|
| 260 |
|
|
|a [Nürnberg :
|b s.n.,
|c 1680]
|
| 300 |
|
|
|a 1 mapa :
|b mědirytina, podlepená papírem ;
|c 21,5 x 100 cm na listu 42,5 x 102,5 cm, složeno na 61,5 cm
|
| 500 |
|
|
|a Podlepeno papírem o velikosti 53 x 62 cm
|
| 500 |
|
|
|a Výzdoba: V levém dolním rohu deska s nápisem doprovázená alegorickou postavou, v pravém horním rohu ozdobná deska s měřítky, v mapovém rámci geografické souřadnice, nad rámcem pole s půdorysy měst
|
| 505 |
2 |
0 |
|t Arnheim.
|g 8 x 9,5 cm. (005°52´10" v.d.--005°59´20" v.d./052°00´33" s.š.--051°57´41" s.š.) --
|t Basilea.
|g 8 x 10 cm. (007°30´41" v.d.--007°38´27" v.d./047°36´22" s.š.--047°30´46" s.š.) --
|t Breysach.
|g 8 x 10 cm. (007°33´59" v.d.--007°35´55" v.d./048°02´35" s.š.--048°01´23" s.š.) --
|t Campen.
|g 8 x 10 cm. (005°52´12" v.d.--005°56´57" v.d./052°34´43" s.š.--052°32´04" s.š.) --
|t Cobolentz.
|g 8 x 10 cm. (007°31´12" v.d.--007°38´48" v.d./050°24´02" s.š.--050°18´44" s.š.) --
|t Colonia.
|g 8 x 10 cm. (006°53´07" v.d.--007°02´01" v.d./050°59´51" s.š.--050°53´49" s.š.) --
|t Deventer.
|g 8 x 10 cm. (006°08´09" v.d.--006°13´37" v.d./052°16´31" s.š.--052°13´50" s.š.) --
|t Embrich.
|g 8 x 10 cm. (006°12´36" v.d.--006°17´32" v.d./051°51´25" s.š.--051°49´09" s.š.) --
|t Maestricht.
|g 8 x 10 cm. (005°38´24" v.d.--005°44´22" v.d./050°52´51" s.š.--050°49´25" s.š.) --
|t Mannheim.
|g 8 x 10 cm. (008°23´07" v.d.--008°32´50" v.d./049°32´49" s.š.--049°26´22" s.š.) --
|t Mentz.
|g 8 x 10 cm. (006°07´23" v.d.--006°14´03" v.d./049°09´40" s.š.--049°05´38" s.š.) --
|t Niemmegen.
|g 8 x 9,5 cm. (005°48´23" v.d.--005°53´55" v.d./051°52´05" s.š.--051°48´25" s.š.) --
|t Orsou.
|g 8 x 10 cm. (005°29´15" v.d.--005°34´56" v.d./051°47´29" s.š.--051°44´07" s.š.) --
|t Rhees.
|g 8 x 10 cm. (006°00´51" v.d.--006°03´06" v.d./052°00´53" s.š.--051°59´45" s.š.) --
|t Rheinberg.
|g 8 x 10 cm. (006°34´24" v.d.--006°36´53" v.d./051°33´12" s.š.--051°31´55" s.š.) --
|t Scenck-Schans.
|g 8 x 10 cm. (005°44´40" v.d.--006°35´05" v.d./052°06´44" s.š.--051°37´41" s.š.) --
|t Straszburg.
|g 8 x 10 cm. (007°40´26" v.d.--007°49´18" v.d./048°37´43" s.š.--048°32´13" s.š.) --
|t Utrecht.
|g 8 x 10 cm. (005°02´56" v.d.--005°09´45" v.d./052°08´01" s.š.--052°02´55" s.š.)
|
| 505 |
2 |
0 |
|t Wesel.
|g 8 x 10 cm. (006°34´34" v.d.--006°39´52" v.d./051°41´59" s.š.--051°38´36" s.š.) --
|t Zwol.
|g 8 x 10 cm. (006°02´23" v.d.--006°08´56" v.d./052°32´57" s.š.--052°29´07" s.š.)
|
| 510 |
3 |
|
|a IKAR
|
| 510 |
4 |
|
|a Kuchař, K. Mapová sbírka B.P. Molla,
|c s. 460
|
| 546 |
|
|
|a Latinský a německý text
|
| 655 |
|
7 |
|a historické mapy
|7 fd186723
|2 czenas
|
| 650 |
0 |
4 |
|a Mollova mapová sbírka
|
| 650 |
0 |
7 |
|a mapové sbírky
|z Česko
|7 ph182407
|2 czenas
|
| 610 |
2 |
7 |
|a Moravská zemská knihovna (Brno, Česko).
|b Mapová sbírka B.P. Molla
|7 mzk2005304487
|2 czenas
|
| 651 |
|
7 |
|a Evropa západní
|7 ge137883
|2 czenas
|
| 651 |
|
7 |
|a Rýn (řeka)
|7 ge139168
|2 czenas
|
| 856 |
4 |
1 |
|u http://mapy.mzk.cz/mzk03/001/062/884/2619320855
|y Digitalizovaný dokument
|
| 903 |
|
|
|a RP
|
| 910 |
|
|
|a BOA001
|b Moll-0006.259
|
| 978 |
|
|
|b S.n.
|a Nürnberg
|c 1680
|
| 984 |
|
|
|a Norimberk
|b Německo
|
| 985 |
|
|
|a 1651-1700
|
| 990 |
|
|
|a MP
|
| 991 |
|
|
|k mzk
|